| 000 | 01053nam a2200265 a 4500 | ||
|---|---|---|---|
| 001 | 000021906 | ||
| 005 | 20240404204714.0 | ||
| 008 | 910125s1973 ag 001 0 spa d | ||
| 040 |
_aDO-SdBNP _bspa _cBNPHU |
||
| 082 |
_a330.122 _bL566d, 1973 |
||
| 100 | 1 |
_aLenin, Vladimir Ilich, _d1870-1924. _932113 |
|
| 240 | 1 | 0 |
_aРАЗВИТIЕ КАПИТАЛИЗМА. _lEspañol |
| 245 | 1 | 3 |
_aEl desarrollo del capitalismo en Rusia : _bel proceso de la formación de un mercado interior para la gran industria / _cLenin Vladimir Ilich. |
| 250 | _a3a ed. | ||
| 260 |
_aBuenos Aires, Argentina : _bediciones estudio, _c1973. |
||
| 300 |
_a670 p. : _bil. ; _c21 cm. |
||
| 490 | 1 | _aClásicos del marxismo | |
| 504 | _aIncluye referencias bibliográficas y notas al pie de las páginas. | ||
| 534 |
_aTítulo original en Ruso: _tРАЗВИТИЕ КАПИТАЛИЗМА. |
||
| 650 | 0 |
_aCapitalismo _9280 |
|
| 650 | 4 |
_aRusia _xAspecto económico _932182 |
|
| 650 | 4 |
_aRusia _xCondiciones sociales _932183 |
|
| 830 | 0 |
_aClásicos del marxismo _945458 |
|
| 049 | _aBNGR | ||
| 999 |
_c21404 _d21404 |
||